Automotive Handbook

Gespeichert in:
Bibliographische Detailangaben
Format: Buch
Sprache:Englisch
Veröffentlicht: Plochingen : Robert Bosch, 2007
Ausgabe:7th Edition
Schlagworte:
Tags: Tag hinzufügen
Keine Tags, Fügen Sie das erste Tag hinzu!

MARC

LEADER 00000nam a22000003a 4500
001 stu153275
005 20250821103900.6
008 071204s2007----gw------------------eng-d
020 |a 978-0-470-51936-3 
040 |a STU  |b slo 
041 0 |a eng 
044 |a gw 
080 |a 62(083) 
080 |a 629.33(035) 
245 |a Automotive Handbook 
250 |a 7th Edition 
260 |a Plochingen :  |b Robert Bosch,  |c 2007 
300 |a 1192 s. 
650 7 |a motorové vozidlá  |2 stusub 
996 |b 284EK87768  |c E*87768  |l EE11  |s P  |a 0  |w stu153275_0002 
996 |b 284J034806  |c J*110606  |l JJK9  |s P  |a 0  |w stu153275_0003 
996 |b 284EK87086  |c E*87086  |l EE08  |s P  |a 0  |w stu153275_0005 
996 |b 284EK91084  |c E* 91084  |l EE01  |s A  |a 24  |w stu153275_0006